| 000 | 00491nam a2200169Ia 4500 | ||
|---|---|---|---|
| 999 |
_c22462 _d22462 |
||
| 003 | OSt | ||
| 005 | 20211110103717.0 | ||
| 008 | 190216s9999||||xx |||||||||||||| ||und|| | ||
| 040 | _coclc | ||
| 082 |
_a900 _bMUT/S |
||
| 100 |
_aMutahhari, Murtaza _98892 |
||
| 245 | 0 |
_aSamoohavum Charithravum / _cMurtaza Mutahhari |
|
| 260 |
_bIslamic Foundation Press, _c1987. _aAreekode: |
||
| 300 | _a206p | ||
| 650 | _aIslamic History | ||
| 942 |
_cBK _2ddc _h900 _iMUT/S _k900 _mMUT/S |
||